Statistics for 15 Random Countries “Family Tree”

Click here to take the quiz!

General Stats

  • This quiz has been taken 43 times
    (5 since last reset)
  • The average score is 11 of 15

Answer Stats

HintAnswer% Correct
ChadFrance
100%
Timor LesteIndonesia
100%
TexasMexico
100%
BangladeshPakistan
100%
BrazilPortugal
100%
BelarusRussia
100%
AustraliaUnited Kingdom
100%
BahamasUnited Kingdom
100%
EritreaEthiopia
80%
South SudanSudan
80%
Papua New GuineaAustralia
75%
Bougainville (futurely)Papua New Guinea
75%
NamibiaSouth Africa
75%
BoliviaSpain
75%
CubaUnited States Of America
75%
PanamaColombia
60%
CzechiaCzechoslovakia
50%
SlovakiaCzechoslovakia
50%
LibyaItaly
50%
ChinaTaiwan
50%
PhilippinesUnited States Of America
50%
KosovoSerbia
33%

Score Distribution

Percentile by Number Answered

Percent of People with Each Score

Your Score History

You have not taken this quiz since the last reset